Quiz sur une carte - Etats-Unis - Statistiques

Statistiques générales
  • Ce quiz a été pris 17 422 fois
  • Le résultat moyen est 24 sur 50
Réponses sur la Carte
Les réponses sont colorées sur une échelle allant du rouge au vert en fonction du pourcentage des utilisateurs qui les ont devinées à leur premier essai. Vous pouvez retrouver ces pourcentages ci-dessous.
 
Statistiques - réponses
Answers % Correct
8 335 897 New York
97%
3 822 238 Los Angeles
94%
Siège du gouvernement des États-Unis Washington
94%
Région vendue par la Russie en 1867 Alaska
85%
Golfe du Mexique
84%
Dallas: Ce politicien y a été assassiné John F. Kennedy
83%
Mexique
83%
2 665 039 Chicago
81%
Péninsule du sud-est des Etats-Unis Floride
81%
"Capitale mondiale du divertissement" autoproclamée Las Vegas
81%
Detroit: Ce pionnier de l'automobile y a créé sa première usine Henry Ford
78%
Océan Atlantique Nord
78%
Océan Pacifique Nord
78%
Canada
77%
Mississippi
77%
Ville dont la "Tea Party" a déclenché la Révolution américaine Boston
74%
Montgomery: Cette femme a refusé de s'asseoir où on lui demandait dans cette ville Rosa Parks
70%
Montagne sculptée dans le Dakota du Sud Mont Rushmore
69%
Capitale mondiale du jazz La Nouvelle-Orléans
66%
Pont qui accueille les bateaux dans la baie de San Francisco Pont du Golden Gate
64%
Gorge creusée par le fleuve Colorado Grand Canyon
59%
2 302 878 Houston
58%
Lac Michigan
52%
Albuquerque: Les événements de cette série télévisée, mettant en scène M. White, se déroulent là-bas Breaking Bad
47%
Montagnes Rocheuses
47%
Lac Supérieur
46%
Siège de l'Église mormone Salt Lake City
44%
1 644 409 Phoenix
42%
Missouri
41%
Océan Arctique
41%
Appalaches
34%
Lac Erié
33%
Rio Grande
30%
Lac Ontario
28%
Mer de Béring
27%
Oklahoma: Ce roman de John Steinbeck raconte l'exil de la famille Joad de cet État pendant la Grande Dépression Les Raisins de la colère
22%
Groupe de 6 États avec une histoire coloniale similaire Nouvelle Angleterre
22%
Lac Huron
19%
Denali
18%
1836 : Bataille "remémorée" de la Révolution texane Siège de Fort Alamo
18%
Symbole de la ville de Saint-Louis Gateway Arch
17%
1863 : Bataille décisive de la guerre de Sécession Bataille de Gettysburg
14%
Désert des Mojaves
11%
Eldon, Iowa: Ce tableau de Grant Wood a été inspiré par une "maison gothique" dans cette ville American Gothic
8%
Mauna Kea
6%
Célèbre geyser dans le parc national de Yellowstone Old Faithful
6%
Chaîne des Cascades
4%
Mont Rainier
4%
Mont Whitney
3%
Grand Bassin
2%
Aucun quiz correspondant
Distribution des résultats
% des personnes avec chaque résultat
Percentile par nombre de réponses
Votre historique - résultats
Vous n’avez pas pris ce quiz